书目信息 |
| 题名: |
人物摄影
|
|
| 作者: | 张苏中 著 | |
| 分册: | ||
| 出版信息: | 杭州 浙江摄影出版社 2001 |
|
| 页数: | 112页 | |
| 开本: | 21cm | |
| 丛书名: | 摄影问答丛书 | |
| 单 册: | ||
| 中图分类: | J413 | |
| 科图分类: | ||
| 主题词: | 人像摄影--问答 | |
| 电子资源: | ||
| ISBN: | 7-80536-877-5 | |
| 000 | 00592nam2 2200217 45 | |
| 001 | 0401312033 | |
| 005 | 20040131203717.3 | |
| 010 | @a7-80536-877-5@dCNY12.00 | |
| 100 | @a20040131d2001 km y0chiy0120 ea | |
| 101 | 0 | @achi |
| 105 | @aa z 000yy | |
| 200 | 1 | @a人物摄影@ARen Wu She Ying@f张苏中著@FZhang Su Zhong Zhu |
| 210 | @a杭州@c浙江摄影出版社@d2001 | |
| 215 | @a112页@c图@d21cm | |
| 225 | @a摄影问答丛书 | |
| 410 | @12001 @a摄影问答丛书 | |
| 606 | 0 | @a人像摄影@x问答 |
| 690 | @aJ413@v4 | |
| 701 | 0 | @a张苏中@4著 |
| 801 | @aCN@bTSTCL@c20040131 | |
| 905 | @b333292-294@dJ413@e166@f3 | |
| 人物摄影/张苏中著.-杭州:浙江摄影出版社,2001 |
| 112页:图;21cm.-(摄影问答丛书) |
| ISBN 7-80536-877-5:CNY12.00 |
| ● |
| 相关链接 |
|
|
|
|
正题名:人物摄影
索取号:J413/166
 
预约/预借
| 序号 | 登录号 | 条形码 | 馆藏地/架位号 | 状态 | 备注 |
| 1 | 0333292 | 203332928 | 第一借阅区/ [索取号:J413/166] | 在馆 | |
| 2 | 0333293 | 203332937 | 第一借阅区/ [索取号:J413/166] | 在馆 | |
| 3 | 0333294 | 203332946 | 第一样本阅览室/ [索取号:J413/166] | 在馆 |